|
|
|
|
| LEADER |
00000nam0a2200000 4500 |
| 001 |
253512 |
| 005 |
20231101232842.0 |
| 010 |
|
|
|a 5120009778
|
| 020 |
|
|
|a RU
|b 89-33092
|
| 035 |
|
|
|a (RuTPU)RU\TPU\book\275904
|
| 090 |
|
|
|a 253512
|
| 100 |
|
|
|a 20140314d1989 k y0rusy5003 ca
|
| 101 |
0 |
|
|a rus
|
| 102 |
|
|
|a UA
|
| 105 |
|
|
|a y z 001zy
|
| 200 |
1 |
|
|a Организационно-экономические методы управления НТП в регионе
|f Микитишин З. В.
|g Академия наук Украинской ССР (АН УССР), Институт экономики (ИЭ), Львовское отделение
|
| 210 |
|
|
|a Киев
|c Наукова думка
|d 1989
|
| 215 |
|
|
|a 139,[1] с.
|
| 320 |
|
|
|a Библиогр.: с. 134-138 (146 назв.).
|
| 606 |
1 |
|
|a Научно-технический прогресс
|y СССР
|y Россия
|2 stltpush
|3 (RuTPU)RU\TPU\subj\36489
|9 57849
|
| 610 |
1 |
|
|a технический прогресс
|
| 610 |
1 |
|
|a наука
|
| 610 |
1 |
|
|a управление
|
| 610 |
1 |
|
|a СССР
|
| 610 |
1 |
|
|a 20 век
|
| 610 |
1 |
|
|a управление
|
| 686 |
|
|
|a У9(2)0-551
|2 rubbk
|
| 700 |
|
1 |
|a Микитишин
|b З. В.
|g Зинаида Васильевна
|
| 712 |
0 |
2 |
|a Академия наук Украинской ССР (АН УССР)
|b Институт экономики (ИЭ)
|b Львовское отделение
|2 stltpush
|3 (RuTPU)RU\TPU\col\11343
|
| 801 |
|
0 |
|a RU
|b RuMRKP
|c 19950417
|g psbo
|
| 801 |
|
1 |
|a RU
|b 63413507
|c 20140314
|
| 801 |
|
2 |
|a RU
|b 63413507
|c 20140425
|g RCR
|
| 942 |
|
|
|c BK
|